The Buddhist heritage of Pakistan / (Record no. 332175)
[ view plain ]
| 000 -LEADER | |
|---|---|
| fixed length control field | 00873nam a22002177a 4500 |
| 003 - CONTROL NUMBER IDENTIFIER | |
| control field | NUST |
| 005 - DATE AND TIME OF LATEST TRANSACTION | |
| control field | 20180116120424.0 |
| 008 - FIXED-LENGTH DATA ELEMENTS--GENERAL INFORMATION | |
| fixed length control field | 150618t xxu||||| |||| 00| 0 eng d |
| 020 ## - INTERNATIONAL STANDARD BOOK NUMBER | |
| International Standard Book Number | 9789699532047 |
| 040 ## - CATALOGING SOURCE | |
| Transcribing agency | NUST |
| 082 ## - DEWEY DECIMAL CLASSIFICATION NUMBER | |
| Classification number | 294.3095491 |
| Author Mark | SAF |
| 100 1# - MAIN ENTRY--PERSONAL NAME | |
| Personal name | Shāh, Ṣafdar ʻAlī, |
| 9 (RLIN) | 8108 |
| 245 14 - TITLE STATEMENT | |
| Title | The Buddhist heritage of Pakistan / |
| Remainder of title | Safdar Ali Shah and Syed Javaid A. Kazi. |
| 260 ## - PUBLICATION, DISTRIBUTION, ETC. | |
| Place of publication, distribution, etc. | Lahore: |
| Name of publisher, distributor, etc. | Constellation plus, |
| Date of publication, distribution, etc. | 2013. |
| 300 ## - PHYSICAL DESCRIPTION | |
| Extent | 130p: |
| Other physical details | illustrations ; |
| Dimensions | 31 cm. |
| 650 ## - SUBJECT ADDED ENTRY--TOPICAL TERM | |
| Topical term or geographic name entry element | Buddhism |
| Geographic subdivision | Pakistan. |
| 9 (RLIN) | 8109 |
| 650 ## - SUBJECT ADDED ENTRY--TOPICAL TERM | |
| Topical term or geographic name entry element | Buddhism |
| Geographic subdivision | Pakistan |
| Form subdivision | Pictorial works. |
| 9 (RLIN) | 8110 |
| 700 1# - ADDED ENTRY--PERSONAL NAME | |
| Personal name | Kazi, Syed Javaid A., |
| Relator term | illustrator. |
| 9 (RLIN) | 8111 |
| 942 ## - ADDED ENTRY ELEMENTS (KOHA) | |
| Source of classification or shelving scheme | |
| Koha item type | Book |
| Withdrawn status | Lost status | Source of classification or shelving scheme | Damaged status | Not for loan | Collection code | Permanent Location | Current Location | Shelving location | Date acquired | Total Checkouts | Full call number | Barcode | Date last seen | Date last checked out | Copy number | Price effective from | Koha item type |
|---|---|---|---|---|---|---|---|---|---|---|---|---|---|---|---|---|---|
| Central Library (CL) | Central Library (CL) | Book Cart | 11/16/2017 | 1 | 294.3095491 SAF | CL2173 | 07/27/2023 | 06/12/2023 | 1 | 11/16/2017 | Book |
